US Navy Cruisers 1-160 - Statistics

General Stats
  • This quiz has been taken 487 times
  • The average score is 74 of 147
Answer Stats
Hint Answer % Correct
CL-104 | CL-51 Atlanta
83%
CL-21 | CL-55 Cleveland
80%
CL-81 | CL/CA-30 Houston
79%
CL-53 San Diego
78%
CL-46 Phoenix
77%
CA-38 San Francisco
77%
CA-69 Boston
76%
CA-136 | CL-14 | CL/CA-29 Chicago
75%
CA-140 | CA-150 Dallas
75%
CL-89 Miami
75%
CL-22 | CL/CA-32 New Orleans
75%
CL-8 Detroit
73%
CA-135 Los Angeles
73%
CL/CA-33 Portland
73%
CA-68 Baltimore
72%
CL-16 | CL-58 Denver
72%
CL/CA-35 Indianapolis
72%
CL-49 St Louis
72%
CL-4 Omaha
71%
CL-41 Philadelphia
71%
CA-134 | CL-17 Des Moines
68%
CA-123 | CL-23 Albany
67%
CL-47 Boise
66%
CA-74 Columbus
66%
CL-13 Memphis
66%
CL-43 Nashville
66%
CA-72 Pittsburgh
66%
CL-6 Cincinnati
65%
CA-75 | CL-113 | CL-50 Helena
65%
CL-48 Honolulu
65%
CL/CA-36 Minneapolis
65%
CL/CA-25 Salt Lake City
65%
CL-110 | CL-84 | CL-99 Buffalo
64%
CL-9 Richmond
64%
CL-7 Raleigh
63%
CL-5 Milwaukee
62%
CL-2 | CL-62 Birmingham
61%
CA-45 Wichita
60%
CL-92 Little Rock
59%
CL-119 | CL-52 Juneau
58%
CL/CA-31 Augusta
57%
CL-56 Columbia
57%
CL-91 Oklahoma City
57%
CA-139 | CL-3 Salem
57%
CL-66 Springfield
56%
CL/CA-28 Louisville
55%
CL/CA-24 Pensacola
55%
CA-128 Kansas City
54%
CL-82 Providence
53%
CL-60 Santa Fe
53%
CA-73 St Paul
53%
CL-98 Tucson
53%
CL-96 Reno
51%
CL-42 Savannah
51%
CL-57 Montpelier
50%
CL-11 Trenton
50%
CL-95 Oakland
49%
CL-116 | CL-61 Tallahassee
49%
CL-67 Topeka
49%
CL-40 Brooklyn
48%
CL-63 Mobile
48%
CA-137 Norfolk
48%
CL-117 Cheyenne
47%
CA-124 Rochester
47%
CA-129 Tulsa
47%
CL-10 Concord
45%
CL-106 | CL-85 Fargo
45%
CL-144 Worcester
44%
CL-100 | CL-108 | CL-88 Newark
43%
CL-15 Olympia
43%
CL-54 San Juan
43%
CA-133 Toledo
43%
CL-105 | CL-78 Dayton
42%
CL-121 Fresno
41%
CL-120 Spokane
41%
CGN-160 | CLGN-160 Long Beach
40%
CL-111 | CL-79 Wilmington
40%
CL-83 Manchester
39%
CL-87 Duluth
36%
CL-109 | CL-76 New Haven
36%
CA-148 Newport News
36%
CA-125 | CL/CA-26 Northampton
36%
CL-80 Biloxi
35%
CL-118 | CL-18 Chattanooga
35%
CL-1 | CL/CA-27 Chester
34%
CA-39 | CA-71 Quincy
34%
CL-20 Tacoma
34%
CA-37 Tuscaloosa
34%
CL-90 | CL/CA-34 Astoria
33%
CL-19 | CL-93 Galveston
33%
CL-12 Marblehead
33%
CA-44 | CL-64 Vincennes
33%
CL-97 Flint
30%
CA-132 Macon
30%
CL-114 | CL-145 Roanoke
29%
CA-138 Scranton
27%
CL-147 Gary
26%
CA-70 Canberra
25%
CL-107 | CL-77 Huntington
24%
CA-126 Cambridge
23%
CA-130 Bremerton
22%
CA-127 Bridgeport
22%
CL-65 Pasadena
22%
CA-131 Fall River
20%
CL-102 Portsmouth
20%
CA-122 Oregon City
19%
CL-112 | CL-146 Vallejo
19%
CL-86 Vicksburg
19%
CL-101 | CL-59 Amsterdam
18%
CL-103 Wilkes-Barre
17%
CL-94 Youngstown
16%
No matching quizzes found
Score Distribution
Percent of People with Each Score
Percentile by Number Answered
Your Score History
You have not taken this quiz